000 00819nam a2200229 a 4500
999 _c4438
_d4438
001 4438
003 BD-JhCC
005 20180224173145.0
008 171127s1997 bg a|||| |||| 000 0 ben d
020 _a9840735179
035 _a(BD-JhCC) 4438
040 _aBD-JhCC
_dBD-JhCC
041 _aben
082 _a582.16
_bSHA 1997
100 _aশর্মা, দ্বিজেন
_cঢাকার সুদর্শন বৃক্ষ
245 _aশ্যামলী নিসর্গ :
_bঢাকার সুদর্শন বৃক্ষ /
_c দ্বিজেন শর্মা
260 _aঢাকা :
_bবাংলা একাডেমী,
_c১৯৯৭.
300 _a৩২০ পৃ. :
_c২২ সেমি.
_bill. ;
650 _aTrees
_xIdentification
942 _2ddc
_cBK